Economic and Social Development of Lithuania (Record no. 6642)

MARC details
000 -LEADER
fixed length control field 00486nam a22001937i 4500
001 - CONTROL NUMBER
control field 7842
003 - CONTROL NUMBER IDENTIFIER
control field OSt
005 - DATE AND TIME OF LATEST TRANSACTION
control field 20170126082404.0
007 - PHYSICAL DESCRIPTION FIXED FIELD--GENERAL INFORMATION
fixed length control field tu
008 - FIXED-LENGTH DATA ELEMENTS--GENERAL INFORMATION
fixed length control field 161220s2009 xxu||||| |||| 00| 0 d
024 7# - OTHER STANDARD IDENTIFIER
Standard number or code 7842
Source of number or code RID
040 ## - CATALOGING SOURCE
Transcribing agency OSt
110 2# - MAIN ENTRY--CORPORATE NAME
Corporate name or jurisdiction name as entry element Lithuanian Department of Statistics
245 00 - TITLE STATEMENT
Title Economic and Social Development of Lithuania
260 ## - PUBLICATION, DISTRIBUTION, ETC.
Place of publication, distribution, etc. Lithuania,
Date of publication, distribution, etc. 2009.
490 ## - SERIES STATEMENT
Series statement Economic and Social Development of Lithuania
651 ## - SUBJECT ADDED ENTRY--GEOGRAPHIC NAME
Geographic name Lithuania
866 #0 - TEXTUAL HOLDINGS--BASIC BIBLIOGRAPHIC UNIT
-- 2008 - 2008/11
942 ## - ADDED ENTRY ELEMENTS (KOHA)
Koha item type Statistics
Holdings
Withdrawn status Lost status Damaged status Not for loan Home library Current library Shelving location Date acquired Inventory number Total Checkouts Barcode Date last seen Price effective from Koha item type
        WIIW WIIW Library 08/18/2008 7842   10003771 01/26/2017 01/26/2017 Statistics
The Vienna Instiute for International Economic Studies (wiiw)